000 01687nam a2200457 i 4500
001 12084
003 KOSZ 005
005 20220117142538.0
008 070704s1969 pl a f 001 0 pol
015 _aPB 1970/4105
040 _aWA N
_cWA N
_dKOSZ 005/RW
_dKOSZ 005/HR
041 1 _apol
_heng
046 _k1969
080 _a001
080 _a167/168
080 _a004
100 1 _aBorko, Harold
_eAutor
245 1 0 _aMaszyny cyfrowe w badaniach naukowych /
_cHarold Borko ; tłumaczenie Lesław Niemczycki, Bohdan Chwedeńczuk.
246 1 _iTytuł oryginału:
_aComputer applications in the behavioral sciences
260 _aWarszawa :
_bWydawnictwa Naukowo-Techniczne,
_c1969.
300 _a402, [2] strony :
_bilustracje ;
_c25 cm.
336 _aTekst
_btxt
_2rdacontent
337 _aBez urządzenia pośredniczącego
_bn
_2rdamedia
338 _aWolumin
_bnc
_2rdacarrier
380 _aKsiążki
388 _a1901-2000
490 1 _aPrzetwarzanie Informacji i Maszyny Matematyczne
504 _aBibliografia przy rozdziałach. Indeks.
650 4 _aBadania naukowe
650 4 _aMetodologia
650 4 _aGospodarka
650 4 _aKomputery
658 _aNauka i badania
658 _aInformatyka i technologie informacyjne
700 1 _aNiemczycki, Lesław
_eTłumaczenie
700 1 _aChwedeńczuk, Bohdan
_d(1938- )
_eTłumaczenie
710 2 _aWydawnictwa Naukowo-Techniczne
_4pbl.
830 0 _aPrzetwarzanie Informacji i Maszyny Matematyczne
856 _uhttp://koha.tu.koszalin.pl/cgi-bin/koha/opac-detail.pl?biblionumber=12084
_yKatalog online BPK
942 _2UKD
_cKS
999 _c12084
_d12084